| 000 -ლიდერი |
| ფიქსირებული სიგრძის საკონტროლო ველი |
01171nam a2200253Ia 4500 |
| 001 - საკონტროლო ნომერი |
| საკონტროლო ველი |
21019 |
| 003 - საკონტროლო ნომრის იდენტიფიკატორი |
| საკონტროლო ველი |
GE_BSU |
| 005 - ბოლო ოპერაციის თარიღი და დრო |
| საკონტროლო ველი |
20210706171842.0 |
| 008 - ფიქსირებული სიგრძის მონაცემთა ელემენტები - ზოგადი ინფორმაცია |
| ფიქსირებული სიგრძის საკონტროლო ველი |
181216s1988||||ge |||||||||||||| ||geo|| |
| 040 ## - კატალოგიზაციის წყარო |
| Transcribing agency |
GE_BSU |
| 041 ## - ენის კოდი |
| Language code of text/sound track or separate title |
geo |
| 080 ## - უნივერსალური ათობითი კლასიფიკაციის ინდექსი |
| Universal Decimal Classification number |
1 კ-17 |
| 100 ## - მთავარი ჩანაწერი - პიროვნების სახელი |
| Personal name |
კაკაბაძე, ზ. (ზურაბ) |
| 9 (RLIN) |
12205 |
| 245 ## - ცნობა სათაურის შესახებ |
| Title |
ფილოსოფიური საუბრები / |
| Statement of responsibility, etc |
ზ. (ზურაბ) კაკაბაძე ; წინასიტყვ. ავტ. გ. ნოდია ; რედ. ე. ჩიგოგიძე ; მხატვ. დ. გრიგოლია. |
| 264 ## - წარმოების, გამოცემის, დისტრიბუციის და სხვა ცნობები |
| გამოცემის, წარმოების, დისტრიბუციის... ადგილი |
თბილისი : |
| გამოცემის, წარმოების, დისტრიბუციის... სახელწოდება |
საბჭ. საქართველო, |
| გამოცემის, წარმოების, დისტრიბუციის... თარიღი |
1988. |
| 300 ## - ფიზიკური აღწერა |
| Extent |
219 გვ. ; |
| Dimensions |
21 სმ. |
| 653 ## - INDEX TERM--UNCONTROLLED |
| Uncontrolled term |
ფილოსოფია |
| 653 ## - INDEX TERM--UNCONTROLLED |
| Uncontrolled term |
ფილოსოფიური საუბრები |
| 700 ## - ADDED ENTRY--PERSONAL NAME |
| Personal name |
ნოდია, გ. |
| Relator term |
წინასიტყვაობის ავტორი |
| 9 (RLIN) |
12206 |
| 700 ## - ADDED ENTRY--PERSONAL NAME |
| Personal name |
ჩიგოგიძე, ე. |
| Relator term |
რედაქტორი |
| 9 (RLIN) |
12207 |
| 700 ## - ADDED ENTRY--PERSONAL NAME |
| Personal name |
გრიგოლია, დ. |
| Relator term |
მხატვარი |
| 9 (RLIN) |
12208 |
| 942 ## - ADDED ENTRY ELEMENTS (KOHA) |
| Koha item type |
წიგნი |
| Source of classification or shelving scheme |
|